| Registos Bibliográficos associados ao registo de autoridade |
|
Etiqueta de registo: 00230nam 2200025 450 001 1687925 003 http://id.bnportugal.gov.pt/bib/catbnp/1687925 100 ## $a20080721d2006 k y0pory0103 ba 101 0# $apor 102 ## $aPT 105 ## $aa p 001yy 106 ## $ar 200 1# $aWolfgang Weingart$bTexto policopiado]$e um pioneiro do design gráfico contemporâneo$fPedro Jorge Grácio dos Santos Duarte de Almeida 210 #9 $aLisboa$c[s.n.],$d2006 215 ## $a27, [16] f.$cil.$d30 cm 300 ## $aRelatório Disciplina de Design de Comunicação para prestação de Provas Pedagógicas
e Capacidade Científica apresentado à Fac. de Belas Artes, Univ. de Lisboa, 2006 320 ## $aBibliografia, f. 26-27 675 ## $a7.05Weingart, Wolfgang(043)$vBN$zpor$31343015 700 #1 $aAlmeida,$bPedro Jorge Grácio dos Santos Duarte de,$f1974-$31333190 801 #0 $aPT$bBN$gRPC 900 ## $aBIBNAC$d20130602 966 ## $lBN$mFGMON$sB.A. 28217 V.$x1
Etiqueta de registo: 00230nam 2200025 450 001 1686848 003 http://id.bnportugal.gov.pt/bib/catbnp/1686848 100 ## $a20080708d2006 k y0pory0103 ba 101 0# $apor$deng 102 ## $aPT 105 ## $aa v 001yy 106 ## $ar 200 1# $aDesconstrução$bTexto policopiado]$e uma caracterização do design gráfico europeu e norte-americano entre as décadas
de 1970 e 1990$fPedro Jorge Grácio dos Santos Duarte de Almeida 210 #9 $aLisboa$c[s.n.],$d2006 215 ## $a104 f.$cil.$d30 cm$ecurriculum vitae (2 f.) 300 ## $aTrabalho de síntese Provas de Aptidão Pedagógica e Capacidade Científica de acesso
à categoria de assistente do Estatuto da Carreira Docenbte Universitária,Fac. de Letras,
Univ. de Lisboa, 2006 320 ## $aBibliografia, f. 99-104 675 ## $a7.05(=1:4)"197/199"(043)$vBN$zpor$31342982 675 ## $a7.05(=1:73)"197/199"(043)$vBN$zpor$31342983 700 #1 $aAlmeida,$bPedro Jorge Grácio dos Santos Duarte de,$f1974-$31333190 801 #0 $aPT$bBN$gRPC 900 ## $aBIBNAC$d20130602 966 ## $lBN$mFGMON$sB.A. 28218 V.$x1
Etiqueta de registo: 00000nam 2200025 450 001 1977811 003 http://id.bnportugal.gov.pt/bib/catbnp/1977811 100 ## $a20171205d2017 k y0pory01030103ba 101 0# $apor$deng 102 ## $aPT 105 ## $aa m 000yy 106 ## $ar 200 1# $aVisactivism$e a visualização de informação na perspectiva do design activista$fPedro Jorge Grácio dos Santos Duarte de Almeida$gorient. Victor M. Almeida 210 #9 $aLisboa$c[s.n.],$d2017 215 ## $a211 p.$cil.$d30 cm 328 #1 $aTese dout. Belas-Artes (Design), Fac. Belas-Artes, Univ. Lisboa, 2017 675 ## $a7.05(043)$vBN$zpor$3818439 675 ## $a323.2(043)$vBN$zpor$3297906 675 ## $a316.77(043)$vBN$zpor$3601801 700 #1 $aAlmeida,$bPedro Jorge Grácio dos Santos Duarte de,$f1974-$31333190 702 #1 $aAlmeida,$bVictor Manuel Marinho de,$f1963-$4727$31492863 801 #0 $aPT$bBN$gRPC 966 ## $lBN$mFGMON$sB.A. 42385 V.$x1
Etiqueta de registo: 00000nam 2200025 450 001 2288334 003 http://id.bnportugal.gov.pt/bib/catbnp/2288334 100 ## $a20260619d2021 k y0pory01030103ba 101 0# $apor$deng 102 ## $aPT 105 ## $aa m 000yy 106 ## $ar 200 1# $aInterfaces gráficas em visualização de informação$emodelo conceptual para o design de informação espaço-temporal interativa$fSara Amaral Rodrigues$gorient. Pedro Jorge Grácio dos Santos Duarte de Almeida, Ana Raquel de Ponte Figueiras 210 #9 $aLisboa$c[s.n.],$d2021 215 ## $aXIV, 436 p.$cil.$d30 cm 328 #1 $aTese dout. Belas-Artes (Design de Comunicação), Faculdade de Belas-Artes, Universidade
de Lisboa, 2021 700 #1 $aRodrigues,$bSara Amaral$32001086 702 #1 $aAlmeida,$bPedro Jorge Grácio dos Santos Duarte de,$f1974-$4727$31333190 702 #1 $aFigueiras,$bAna Raquel de Ponte$4727$31680194 801 #0 $aPT$bBN$gRPC 966 ## $lBN$mFGMON$x1 971 ## $corlando$d20260619
Etiqueta de registo: 00254nam 2200025 450 001 2288566 003 http://id.bnportugal.gov.pt/bib/catbnp/2288566 100 ## $a20260623d2025 k y0pory01030103ba 101 0# $apor$deng 102 ## $aPT 105 ## $aa m 001yy 106 ## $ar 200 1# $aPalavra in situ$e a convergência entre design de comunicação e arte conceptual através da tipografia
expandida no espaço urbano$fPedro Miguel Aparício Alves Rosa$gorient. Pedro Jorge Grácio dos Santos Duarte de Almeida, Jorge Manuel dos Reis Tavares
Duarte 210 #9 $aLisboa$c[s.n.],$d2025 215 ## $a2 v.$cil$d30 cm 328 #1 $aTese dout. Belas-Artes (Design de Comunicação), Faculdade de Belas-Artes da Universidade
de Lisboa, 2025 700 #1 $aRosa,$bPedro,$f1966-$351341 702 #1 $aReis,$bJorge dos,$f1971-$4727$31012084 702 #1 $aAlmeida,$bPedro Jorge Grácio dos Santos Duarte de,$f1974-$4727$31333190 801 #0 $aPT$bBN$gRPC 966 ## $b001$lBN$mFGMON$x1 966 ## $b001$lBN$mFGMON$x1 971 ## $cisantos$d20260623
|
|
|